AKB48選抜総選挙 第1位メンバーと対象曲 - Statistics

General Stats
  • This quiz has been taken 170 times
  • The average score is 13 of 20
Answer Stats
回数(開催年) 回答項目 Answer % Correct
第1回(2009) 第1位メンバー 前田敦子
93%
第3回(2011) 第1位メンバー 前田敦子
93%
第2回(2010) 第1位メンバー 大島優子
89%
第4回(2012) 第1位メンバー 大島優子
89%
第5回(2013) 第1位メンバー 指原莉乃
88%
第7回(2015) 第1位メンバー 指原莉乃
88%
第8回(2016) 第1位メンバー 指原莉乃
88%
第9回(2017) 第1位メンバー 指原莉乃
88%
第5回(2013) リリース曲 恋するフォーチュンクッキー
82%
第2回(2010) リリース曲 ヘビーローテーション
80%
第6回(2014) 第1位メンバー 渡辺麻友
80%
第3回(2011) リリース曲 フライングゲット
75%
第10回(2018) 第1位メンバー 松井珠理奈
55%
第4回(2012) リリース曲 ギンガムチェック
44%
第6回(2014) リリース曲 心のプラカード
42%
第1回(2009) リリース曲 言い訳Maybe
39%
第10回(2018) リリース曲 センチメンタルトレイン
25%
第8回(2016) リリース曲 LOVE TRIP/幸せを分けなさい
24%
第9回(2017) リリース曲 #好きなんだ
23%
第7回(2015) リリース曲 ハロウィン・ナイト
22%
No matching quizzes found
Score Distribution
Percent of People with Each Score
Percentile by Number Answered
Your Score History
You have not taken this quiz